00600nam a2200205Ia 4500003000400000005001700004008004100021020001800062040000700080041000800087082001500095100002300110245002300133260004500156300000900201650002200210942001300232999001900245952013000264OSt20250923151030.0250729s2005 xx 000 0 und d a9788171693092 cAL aeng a374.1 SHAD aSharma B M9222745 aDistance education aNew DelhibCommonwealth Publishersc2005 a463p aEducation9222746 2ddccBED c235591d235591 00104070aALbALd2025-07-29eSita Book Houseg235.00l0o374.1 SHADpBED00910r2025-07-29 16:54:07v235.00w2025-07-29yBK